00750nam a22002177a 4500001000700000003000900007005001700016008004100033040004400074041000800118082001900126100003900145245009000184260004500274300002300319650001800342650002500360942001200385999001900397952011600416113407DR-UNIBE20250407105857.0250403b2010 mx ||||| |||| 00| 0 spa d aBIBLIOTECA UNIBEcBIBLIOTECA UNIBEerda aspa a347.014 S211j aSánchez Zepeda, Rodolfo 9193859 aEl juez federal penal especializado en medidas cautelares /cRodolfo Sánchez Zepeda aMéxico :bEditorial Porrúa, c 2010 axxi, 144 páginas 72lemba Jueces 72lembaPoder judicial 2ddccBK c113407d113407 00102ddc708GENaPrincipald2025-03-01l0o347.014 S211jp250214r2025-04-07 10:59:53tEj. 1w2025-04-07yBK